Electric and magnetic interactions /
This book is about: The interactions of electric charles; Charges in matter; Electric field; The electric field of distributed charges; Electric currents; ...
Đã lưu trong:
| 主要作者: | |
|---|---|
| 其他作者: | |
| 格式: | 圖書 |
| 語言: | English |
| 出版: |
New York :
J. Wiley,
1995.
|
| 主題: | |
| 標簽: |
添加標簽
沒有標簽, 成為第一個標記此記錄!
|
| Thư viện lưu trữ: | Mạng thư viện Đại học Đà Nẵng |
|---|
| LEADER | 01105cam a2200373 i 4500 | ||
|---|---|---|---|
| 001 | 000048629 | ||
| 003 | 8351 | ||
| 005 | 20041027084551.0 | ||
| 008 | 010323b1995 vm 000 eng | ||
| 020 | |a 0471078476 | ||
| 040 | |a IRC |c IRC |d IRC | ||
| 041 | 0 | |a eng | |
| 082 | 1 | 4 | |a 537 |b CH-R |
| 100 | 1 | |a Chabay, Ruth W. | |
| 245 | 1 | 0 | |a Electric and magnetic interactions / |c Ruth W. Chabay, Bruce A. Sherwood. |
| 260 | |a New York : |b J. Wiley, |c 1995. | ||
| 300 | |a 660 p. ; |c 28 cm. | ||
| 520 | 3 | |a This book is about: The interactions of electric charles; Charges in matter; Electric field; The electric field of distributed charges; Electric currents; ... | |
| 630 | 0 | 4 | |a Electromagnetic fields. |
| 630 | 0 | 4 | |a Magnetic fields. |
| 650 | 0 | 4 | |a Electromagnetic fields. |
| 650 | 0 | 4 | |a Electric fields. |
| 650 | 0 | 4 | |a Magnetic fields. |
| 700 | 1 | |a Sherwood, Bruce A. | |
| OWN | |a DUT | ||
| 999 | |a From the UDN01 | ||
| TYP | |a Monograph | ||
| TYP | |a Printed language | ||
| 980 | |a Mạng thư viện Đại học Đà Nẵng | ||


